Efektivní inovace odpovědnost v managementu
Saved in:
| Main Author: | |
|---|---|
| Other Authors: | |
| Format: | Book |
| Language: | Czech |
| Published: |
Brno
Computer Press
2009
|
| Series: | Business books
|
| Subjects: | |
| Tags: |
No Tags, Be the first to tag this record!
|
MARC
| LEADER | 00000nam a2200000 4500 | ||
|---|---|---|---|
| 001 | 0122945 | ||
| 005 | 20240313085716.7 | ||
| 020 | |a 978-80-251-2771-1 | ||
| 041 | 0 | |a cze | |
| 044 | |a CZ | ||
| 245 | 1 | 0 | |a Efektivní inovace |b odpovědnost v managementu |c Zdenek Dytrt, Michaela Stříteská |
| 264 | 1 | |a Brno |b Computer Press |c 2009 | |
| 300 | |a 150 s. | ||
| 490 | 1 | |a Business books | |
| 830 | 0 | |a Business books | |
| 610 | 2 | 0 | |a etika podnikateľská |
| 610 | 2 | 0 | |a zodpovednosť spoločenská |
| 610 | 2 | 0 | |a manažment |
| 610 | 2 | 0 | |a inovácia |
| 610 | 2 | 0 | |a kreativita |
| 610 | 2 | 0 | |a podnik |
| 610 | 2 | 0 | |a motivácia pracovná |
| 100 | 1 | |a Dytrt, Zdenek | |
| 700 | 1 | |a Stříteská, Michaela | |